Loading...

Boothakkazhchakal

Bibliographic Details
Main Author: Sudheesh Raghavan
Format: Printed Book
Published: Trichur Current Books 2012
Subjects:
LEADER 00463nam a22001457a 4500
020 |a 9788122609769 
082 |a A3 SUD/B 
100 |a Sudheesh Raghavan 
245 |a Boothakkazhchakal 
260 |a Trichur  |b Current Books  |c 2012 
300 |a 236 
650 |a Malayalam Literature, Novel, Bhoothakkazhchakal 
942 |c BK 
999 |c 135450  |d 135446 
952 |0 0  |1 0  |4 0  |6 A_3_000000000000000_SUD_B  |7 0  |9 134344  |a SCP  |b SCP  |d 2014-11-04  |l 0  |o A3 SUD/B  |p SCP06593  |r 2014-11-04  |w 2014-11-04  |y BK